Marx : (Record no. 24722)
[ view plain ]
| 000 -LEADER | |
|---|---|
| fixed length control field | 00853cam a22002775a 4500 |
| 001 - CONTROL NUMBER | |
| control field | 12456770 |
| 005 - DATE AND TIME OF LATEST TRANSACTION | |
| control field | 20170427143839.0 |
| 008 - FIXED-LENGTH DATA ELEMENTS--GENERAL INFORMATION | |
| fixed length control field | 010629s2000 enka frb f001 0deng d |
| 020 ## - INTERNATIONAL STANDARD BOOK NUMBER | |
| International Standard Book Number | 0192854054 |
| 020 ## - INTERNATIONAL STANDARD BOOK NUMBER | |
| International Standard Book Number | 9780192854056 |
| 040 ## - CATALOGING SOURCE | |
| Original cataloging agency | DLC |
| Transcribing agency | DLC |
| Modifying agency | DLC |
| -- | EG-ScBUE |
| Language of cataloging | eng |
| 082 04 - DEWEY DECIMAL CLASSIFICATION NUMBER | |
| Edition number | 22 |
| Classification number | 335.4092 |
| Item number | SIN |
| 100 1# - MAIN ENTRY--PERSONAL NAME | |
| Personal name | Singer, Peter, |
| Dates associated with a name | 1946- |
| 245 10 - TITLE STATEMENT | |
| Title | Marx : |
| Remainder of title | a very short introduction / |
| Statement of responsibility, etc | Peter Singer. |
| 260 ## - PUBLICATION, DISTRIBUTION, ETC. (IMPRINT) | |
| Place of publication, distribution, etc | Oxford ; |
| -- | New York : |
| Name of publisher, distributor, etc | Oxford University Press, |
| Date of publication, distribution, etc | 2000. |
| 300 ## - PHYSICAL DESCRIPTION | |
| Extent | 108 p. : |
| Other physical details | ill. ; |
| Dimensions | 18 cm. |
| 490 0# - Series Statement | |
| Series statement | Very short introductions ; |
| Volume/sequential designation | 28 |
| 500 ## - GENERAL NOTE | |
| General note | Index : p. 106-108. |
| 504 ## - BIBLIOGRAPHY, ETC. NOTE | |
| Bibliography, etc | Bibliography : p. 101-105. |
| 600 17 - SUBJECT ADDED ENTRY--PERSONAL NAME | |
| Personal name | Marx, Karl, |
| Dates associated with a name | 1818-1883. |
| 9 (RLIN) | 37002 |
| 650 #7 - SUBJECT ADDED ENTRY--TOPICAL TERM | |
| Source of heading or term | BUEsh |
| 9 (RLIN) | 22939 |
| Topical term or geographic name as entry element | Philosophy, Marxist. |
| 650 #7 - SUBJECT ADDED ENTRY--TOPICAL TERM | |
| Source of heading or term | BUEsh |
| 9 (RLIN) | 10626 |
| Topical term or geographic name as entry element | Communism. |
| 651 ## - SUBJECT ADDED ENTRY--GEOGRAPHIC NAME | |
| Source of heading or term | BUEsh |
| 653 ## - INDEX TERM--UNCONTROLLED | |
| Resource For college | Humanities: Psychology |
| Arrived date list | April2017 |
| 942 ## - ADDED ENTRY ELEMENTS (KOHA) | |
| Source of classification or shelving scheme | Dewey Decimal Classification |
| Withdrawn status | Item status | Source of classification or shelving scheme | Damaged status | Not for loan | Vendor | Home library | Current library | Shelving location | Date acquired | Source of acquisition | Cost, normal purchase price | Serial Enumeration / chronology | Total Checkouts | Total Renewals | Full call number | Barcode | Date last seen | Date last borrowed | Cost, replacement price | Koha item type |
|---|---|---|---|---|---|---|---|---|---|---|---|---|---|---|---|---|---|---|---|---|
| Dewey Decimal Classification | Academic Bookshop | Central Library | Central Library | First floor | 27/04/2017 | Purchase | 63.00 | 1849 | 1 | 3 | 335.4092 SIN | 000041715 | 15/07/2025 | 01/11/2017 | 78.75 | Book - Borrowing |